Rubberkrishi: Prathisandhikalum pratheekshakalum (Record no. 74980)

MARC details
000 -LEADER
fixed length control field 00246nam a22000977a 4500
100 ## - MAIN ENTRY--AUTHOR NAME
Personal name Raghavan, K.N
245 ## - TITLE STATEMENT
Title Rubberkrishi: Prathisandhikalum pratheekshakalum
260 ## - PUBLICATION, DISTRIBUTION, ETC. (IMPRINT)
Name of publisher Rubber, 681(February): 10-13.
Year of publication 2023
650 ## - SUBJECT ADDED ENTRY--TOPICAL TERM
Topical Term Chairman
942 ## - ADDED ENTRY ELEMENTS (KOHA)
Koha item type Journals
Holdings
Withdrawn status Lost status Damaged status Not for loan Home library Current library Date acquired Koha item type
        RRII Library RRII Library 28/03/2023 Journals